Statistics for ABBA Quiz

Click here to take the quiz!

General Stats

  • This quiz has been taken 168 times
    (166 since last reset)
  • The average score is 7 of 12

Answer Stats

HintAnswer% Correct
Song ABBA won Eurovision with the following yearWaterloo
90%
Only US #1 hitDancing Queen
83%
Agnetha and Björn's daughterLinda
81%
ABBA is a fish company as well as the first letter of each member's ________ nameFirst
79%
Which song was later the inspiration for a Broadway musical?Mamma Mia!
70%
Song ABBA lost Eurovision with their first yearRing, Ring
68%
Agnetha and Björn's sonChristian
52%
Agnetha developed a fear of what, as mentioned by their song Our Last SummerFlying
52%
Frida always wore floppy what in the band?Hats
32%
What part did Agnetha get in Jesus Christ: Super Star?Mary Magdalene
21%
Which instrument of Björn's was stolen from the ABBA Museum a few years back or maybe more?Star Guitar
13%
Which song did they write the year of the child (that is Linda)?Gimme! Gimme! Gimme!
12%

Score Distribution

Percentile by Number Answered

Percent of People with Each Score

Your Score History

You have not taken this quiz since the last reset